Versión escénica de La Regenta de Leopoldo Alas, Clarín / (Record no. 51105)

MARC details
000 -LEADER
campo de control de longitud fija 00602nam a2200193 i 4500
001 - NÚMERO DE CONTROL
campo de control 51105
003 - IDENTIFICADOR DE NÚMERO DE CONTROL
campo de control ES-MaACL
005 - FECHA Y HORA DE LA ÚLTIMA TRANSACCIÓN
campo de control 20230906162311.0
007 - CAMPO FIJO DE DESCRIPCIÓN FÍSICA--INFORMACIÓN GENERAL
campo de control de longitud fija t|
008 - DATOS DE LONGITUD FIJA--INFORMACIÓN GENERAL
campo de control de longitud fija 030811q1985 sp |||| | spa d
100 1# - ENTRADA PRINCIPAL--NOMBRE DE PERSONA
Nombre de persona Custodio, Alvaro.
9 (RLIN) 42279
245 10 - MENCIÓN DEL TÍTULO
Título Versión escénica de La Regenta de Leopoldo Alas, Clarín /
Mención de responsabilidad, etc. Alvaro Custodio.
260 ## - PUBLICACIÓN, DISTRIBUCIÓN, ETC.
Lugar de publicación, distribución, etc. Oviedo :
Nombre del editor, distribuidor, etc. Ayuntamiento de Oviedo,
Fecha de publicación, distribución, etc. [1985?]
300 ## - DESCRIPCIÓN FÍSICA
Extensión 73 p. ;
Dimensiones 22 cm.
700 1# - ENTRADA AGREGADA--NOMBRE PERSONAL
Nombre de persona Alas, Leopoldo,
Fechas asociadas al nombre 1852-1901.
Título de la obra La Regenta
9 (RLIN) 19159
710 1# - ENTRADA AGREGADA--NOMBRE DE ENTIDAD CORPORATIVA
Nombre de entidad corporativa o nombre de jurisdicción como elemento de entrada Oviedo.
Unidad subordinada Ayuntamiento.
9 (RLIN) 6084
852 ## - LOCALIZACIÓN
Ubicación ES-MaACL
Número de control de estantería L-10071
Holdings
Estatus retirado Estado de pérdida Estado de daño No para préstamo Biblioteca de origen Biblioteca actual Ubicación en estantería Fecha de adquisición Fuente de adquisición Total de préstamos Signatura topográfica completa Código de barras Visto por última vez Precio de reemplazo Tipo de ítem Koha
        Biblioteca del Ateneo de Madrid Biblioteca del Ateneo de Madrid Depósito 2 17/01/2008     L-10071 1053747 23/02/2023 23/02/2023 Libro impreso